| 000 | 00697cam a22002413a 4500 | ||
|---|---|---|---|
| 001 | 1378 | ||
| 003 | PGUSA | ||
| 005 | 20140828083000.0 | ||
| 008 | 980701s1998||||xxu|||||s|||||000 | eng d | ||
| 040 |
_aPGUSA _beng |
||
| 042 | _adc | ||
| 050 | 4 | _aSK | |
| 100 | 1 |
_aWhite, Stewart Edward, _d1873-1946 |
|
| 245 | 1 | 4 |
_aThe Land of Footprints _h[electronic resource] / _cStewart Edward White |
| 260 |
_bProject Gutenberg, _c1998 |
||
| 506 | _aPublic domain in the USA. | ||
| 516 | _aElectronic text | ||
| 653 | _aHunting -- Africa, East | ||
| 653 | _aAfrica, East -- Description and travel | ||
| 830 | 0 |
_aProject Gutenberg _v1378 |
|
| 856 | 4 | 0 | _uhttp://www.gutenberg.org/ebooks/1378 |
| 942 | _cEB | ||
| 999 |
_c230726 _d230726 |
||